LORITA (Record no. 184846)

MARC details
000 -LEADER
fixed length control field 00565nam a22001937a 4500
005 - DATE AND TIME OF LATEST TRANSACTION
control field 20220125145908.0
020 B# - INTERNATIONAL STANDARD BOOK NUMBER
International Standard Book Number 8120718488
035 ## - SYSTEM CONTROL NUMBER
System control number A-897461
037 ## - SOURCE OF ACQUISITION
Stock number dpl
082 ## - DEWEY DECIMAL CLASSIFICATION NUMBER
Classification number N
100 ## - MAIN ENTRY--PERSONAL NAME
Personal name Chopra,Prem N.
245 ## - TITLE STATEMENT
Title LORITA
Statement of responsibility, etc by Prem N. Chopra
Remainder of title A Novel/
260 ## - PUBLICATION, DISTRIBUTION, ETC. (IMPRINT)
Place of publication, distribution, etc New Delhi
Name of publisher, distributor, etc Sterling Publishers Pvt. Ltd.,
Date of publication, distribution, etc 1998
270 ## - ADDRESS
Address L-10, Green Park Extension,
City New Delhi
Postal code 110016
300 ## - PHYSICAL DESCRIPTION
Extent 107p.
Other physical details 21cm(pbk)
500 ## - GENERAL NOTE
General note A man is not born for defeat. <br/>He must win or die fighting-
700 ## - ADDED ENTRY--PERSONAL NAME
Personal name Chopra, Prem N.
942 ## - ADDED ENTRY ELEMENTS (KOHA)
Source of classification or shelving scheme Dewey Decimal Classification
Item type English Books
Call number suffix CHO
Classification part N
Holdings
Withdrawn status Lost status Not for loan Home library Current library Date acquired Source of acquisition Full call number Barcode Koha item type
      Shahdara Branch Shahdara Branch 25/01/2022 Shahdara N CHO A-897461 English Books

© Delhi Public Library
Hit Counter
free hit counter